China IPR SME Helpdesk Guide on arbitration and IP for EU SMEs

Detalles Bibliográficos
Formato: eBook
Lenguaje:inglés
Publicado: Bruselas: European Union Publications Office, 2020
Materias:
Acceso en línea:Acceso restringido

MARC

LEADER 00000nam a22000007a 4500
005 20210928125252.0
007 cr|||| ||||
008 210928s2020 eu |||||s|||| 00||0 eng d
020 |a 978-92-9460-205-3 
035 |a 33967 
040 |a vLex 
090 |c 12434  |d 12434 
245 0 0 |a China IPR SME Helpdesk  |h [Recurso electrn̤ico] :  |b Guide on arbitration and IP for EU SMEs 
256 |a Servicio en ln̕ea 
260 |a Bruselas:  |b European Union Publications Office,  |c 2020 
300 |a 1 recurso electrn̤ico 
506 1 |a Disponible solo en los productos indicados  |d vLex Global  |d vLex Global (Academic Edition, excluding Law Schools)  |d vLex Global (U.S. Academic Edition, Law Schools)  |d vLex Global (U.S. Academic Edition, excluding Law Schools)  |d vLex Global (Academic Edition, Law Schools) 
650 0 4 |a Propiedad Intelectual  |z Unin̤ Europea 
650 0 4 |a Derecho Comunitario  |z Unin̤ Europea 
740 0 |a vLex Libros (Servicio en ln̕ea) 
856 4 0 |u https://app.vlex.com/#/sources/33967  |z Acceso restringido 
942 |c BOOK 
999 0 |a Intellectual Property 
999 0 |a Community Law